LIBRARY & INFORMATION CENTRE, KCAET, TAVANUR

ONLINE PUBLIC ACCESS CATALOGUE (OPAC)

Engineering drawing / (Record no. 9520)

MARC details
000 -LEADER
fixed length control field 00457cam a2200193ua 4500
041 ## - LANGUAGE CODE
Language code of text/sound track or separate title eng
082 ## - DEWEY DECIMAL CLASSIFICATION NUMBER
Classification number 604.2
Item number GAR/EN
100 ## - MAIN ENTRY--AUTHOR NAME
Personal name Garg, S B L .
245 ## - TITLE STATEMENT
Title Engineering drawing /
250 ## - EDITION STATEMENT
Edition statement 1 /
260 ## - PUBLICATION, DISTRIBUTION, ETC. (IMPRINT)
Place of publication Allahabad :
Name of publisher Saroj Prakashan ,
Year of publication 1987.
300 ## - PHYSICAL DESCRIPTION
Number of Pages 92 ; .
700 1# - ADDED ENTRY--PERSONAL NAME
Personal name Bhardwaj, R K .
942 ## - ADDED ENTRY ELEMENTS (KOHA)
Koha item type Books
Holdings
Withdrawn status Lost status Damaged status Home library Current library Date acquired Full call number Accession Number Koha item type
Withdrawn     KAUAET KAUAET 07/04/2012 604.2 17635 Books
free website counter